000 00521nam a22002057a 4500
020 _a9501408973
080 _a347.948 R 197
100 _aRabinovich de Landau, Silvia G
245 _aSecuencias Pràcticas de peritajes judiciales
250 _a3ª Ed. Amp.
260 _aBuenos Aires
_bDepalma
_c1996
300 _a252 P.
650 _xPericias judiciales
650 _xperitos
650 _xhonorarios
650 _xmodelos de escritos
650 _ajurisprudencia
945 _acd
_d2015-03-03
999 _c3570
_d234074
942 _6_